00485nam a2200193 a 4500001001300000003000900013005001700022008004100039020000900080082001500089100001800104245002100122260004600143300000900189500003500198505001700233650002300250700001800273nice12345678IN_TiNIC20260116012241.0050524s1972 newa grp 000 0 eng  ac8500a891.5bKAN aKane, John O` aShip of Sulaiman aNew YorkbColumbia University Pressc1972 a250p aincludes index and biblioraphy2 aIndex, Notes aPersian Literature1 aKane, John O`